| Tag |
First Indicator |
Second Indicator |
Subfields |
| LEADER |
00000cam a2200000Ka 4500 |
| 001 |
in00001834621 |
| 005 |
20151026053947.0 |
| 008 |
810403m19601965yu c 000 0 sccod |
| 035 |
|
|
|a (OCoLC)ocm07304875
|
| 040 |
|
|
|a CLE
|c CLE
|d GZM
|d OCLCQ
|d TXA
|d UtOrBLW
|
| 049 |
|
|
|a TXAM
|
| 090 |
|
|
|a DR2025.5.M37
|b A2 1960
|
| 092 |
|
|
|a 891.828
|b 531
|
| 100 |
1 |
|
|a Marković, Svetozar,
|d 1846-1875.
|
| 245 |
1 |
0 |
|a Sabrani spisi /
|c Svetozar Marković ; predgovor Petar Stambolić.
|
| 264 |
|
1 |
|a Beograd :
|b Kultura,
|c 1960-1965.
|
| 300 |
|
|
|a 4 volumes :
|b portraits ;
|c 21 cm.
|
| 336 |
|
|
|a text
|b txt
|2 rdacontent
|
| 337 |
|
|
|a unmediated
|b n
|2 rdamedia
|
| 338 |
|
|
|a volume
|b nc
|2 rdacarrier
|
| 490 |
0 |
|
|a Biblioteka društveno-političkih studija
|
| 500 |
|
|
|a In Cyrillic.
|
| 600 |
1 |
0 |
|a Marković, Svetozar,
|d 1846-1875.
|
| 650 |
|
0 |
|a Socialism
|z Serbia and Montenegro
|z Serbia.
|
| 651 |
|
0 |
|a Serbia
|x Politics and government
|y 1804-1918.
|
| 948 |
|
|
|a cataloged
|b h
|c 2004/4/13
|d c
|e spoltoratski
|f 11:45:54 am
|
| 994 |
|
|
|a E0
|b TXA
|
| 999 |
|
|
|a MARS
|
| 999 |
f |
f |
|s e4797487-58ff-317e-9528-d9ade100dfe8
|i 2824cdac-1382-32b5-be9d-dbc3cb853be8
|t 0
|
| 952 |
f |
f |
|p ric
|a Texas A&M University
|b Rellis Campus
|c Joint Library Facility
|d Remote Storage
|t 0
|e DR2025.5.M37 A2 1960
|h Library of Congress classification
|i unmediated -- volume
|k no.1
|m A14830875351
|
| 998 |
f |
f |
|a DR2025.5.M37 A2 1960
|s no.1
|t 0
|l Remote Storage
|